000 00397nam a2200169Ia 4500
001 4427
003 IN-NITTTR
005 20251114232959.0
008 251113s9999||||xx |||||||||||||| ||eng||
040 _beng
040 _cIN-NITTTR
041 _aeng
082 _a621.93 H462P
100 _aHesp, Thomas
245 0 _aPrinciples of woodcutting machinists work /
_cHesp, Thomas
942 _2ddc
_cBK
999 _c7063
_d7063